Lire Milan Kundera (notice n° 1512018)
[ vue normale ]
| 000 -LEADER | |
|---|---|
| fixed length control field | 01021cam a2200133 4500500 |
| 005 - DATE AND TIME OF LATEST TRANSACTION | |
| control field | 20251012001018.0 |
| 041 ## - LANGUAGE CODE | |
| Language code of text/sound track or separate title | fre |
| 042 ## - AUTHENTICATION CODE | |
| Authentication code | dc |
| 100 10 - MAIN ENTRY--PERSONAL NAME | |
| Personal name | Boyer-Weinmann, Martine |
| Relator term | author |
| 245 00 - TITLE STATEMENT | |
| Title | Lire Milan Kundera |
| 260 ## - PUBLICATION, DISTRIBUTION, ETC. | |
| Name of publisher, distributor, etc. | Armand Colin,<br/> |
| Date of publication, distribution, etc. | 2009.<br/> |
| 520 ## - SUMMARY, ETC. | |
| Summary, etc. | Écrivain de langues tchèque et française, Milan Kundera a reçu de nombreux prix littéraires dont le Grand prix de littérature de l’Académie française pour l’ensemble de son œuvre en 2001.Auteur politique et polémique, il interroge les thèmes de l’identité, de la parole et de l’illusion. Il a publié, entre autres succès, La Vie est ailleurs et l’Insoutenable légèreté de l’être.Ce livre présente la vie et l’environnement de Milan Kundera. Les thèmes et les structures de ses textes sont analysés.Le contexte de l’œuvre, son co-texte et les dialogues avec les autres arts sont enfin présentés. |
| 856 41 - ELECTRONIC LOCATION AND ACCESS | |
| Uniform Resource Identifier | <a href="https://shs.cairn.info/lire-milan-kundera--9782200243302?lang=fr&redirect-ssocas=7080">https://shs.cairn.info/lire-milan-kundera--9782200243302?lang=fr&redirect-ssocas=7080</a> |
Pas d'exemplaire disponible.




Réseaux sociaux